[Event "GER-chT U10"]
[Site "Magdeburg"]
[Date "2016.12.28"]
[Round "3.3"]
[White "Oehme, Adrian"]
[Black "Ermitsch, Magnus"]
[Result "1-0"]
[WhiteElo "1200"]
[BlackElo "1122"]
[PlyCount "51"]
[EventDate "2016.12.27"]
[EventType "team-swiss"]
[EventRounds "7"]
[EventCountry "GER"]
[SourceTitle "EXT 2018"]
[Source "ChessBase"]
[SourceDate "2017.10.13"]
[SourceVersion "1"]
[SourceVersionDate "2017.10.13"]
[SourceQuality "1"]
[WhiteTeam "Plauen Koenig"]
[BlackTeam "Friedrichsfelde Borussia"]
[WhiteTeamCountry "GER"]
[BlackTeamCountry "GER"]

1. d4 e6 2. c4 d5 3. cxd5 exd5 4. Nc3 Be6 5. Nf3 Nc6 6. e3 a6 7. a3 Nf6 8. Qc2 h6 9. Bd3 Bd6 10. Nd2 0-0 11. f3 Qd7 12. 0-0 Ne7 13. e4 Bf4 14. Nb3 Bxc1 15. Raxc1 c6 16. Nc5 Qc7 17. Nxe6 fxe6 18. e5 Nh5 19. Bh7+ Kh8 20. Bg6 Nf4 21. Bh7 g6 22. Bxg6 Nfxg6 23. Qd2 Kg7 24. Na4 Rf7 25. Nc5 b6 26. Nxe6+ 1-0

[Event "GER-chT U10"]
[Site "Magdeburg"]
[Date "2016.12.27"]
[Round "2.3"]
[White "Safranski, Gregor"]
[Black "Oehme, Adrian"]
[Result "0-1"]
[WhiteElo "600"]
[BlackElo "1200"]
[PlyCount "64"]
[EventDate "2016.12.27"]
[EventType "team-swiss"]
[EventRounds "7"]
[EventCountry "GER"]
[SourceTitle "EXT 2018"]
[Source "ChessBase"]
[SourceDate "2017.10.13"]
[SourceVersion "1"]
[SourceVersionDate "2017.10.13"]
[SourceQuality "1"]
[WhiteTeam "Hannover"]
[BlackTeam "Plauen Koenig"]
[WhiteTeamCountry "GER"]
[BlackTeamCountry "GER"]

1. e4 c5 2. Nf3 Nc6 3. c3 d6 4. Bb5 Nf6 5. 0-0 Nxe4 6. Re1 Bf5 7. d3 Nf6 8. Bg5 e5 9. c4 Be7 10. Nc3 0-0 11. Ne2 e4 12. dxe4 Nxe4 13. Bxe7 Qxe7 14. Bxc6 bxc6 15. Nd2 Rab8 16. b3 Qg5 17. Nf3 Qg6 18. Nh4 Qg5 19. g3 Bg4 20. Qc2 Rfe8 21. Rf1 Nd2 22. Nf4 Nxf1 23. f3 Ne3 24. fxg4 Nxc2 25. Rc1 Re1+ 26. Kf2 Rxc1 27. Ne2 Qe3+ 28. Kg2 Qxe2+ 29. Kh3 Ne3 30. a4 Qf1+ 31. Ng2 Qxg2+ 32. Kh4 Qxh2+ 0-1